Information systems engineering: from data analysis to process networks
Salvato in:
| Autori principali: | , |
|---|---|
| Natura: | Libro |
| Lingua: | inglese |
| Pubblicazione: |
Hershey
Igi Publishing
2008
|
| Soggetti: | |
| Tags: |
Aggiungi Tag
Nessun Tag, puoi essere il primo ad aggiungerne!!
|
MARC
| LEADER | 00000nam a2200000 a 4500 | ||
|---|---|---|---|
| 001 | UCI9925 | ||
| 003 | CL-VaPUC | ||
| 008 | 081218e20080000us |||||||||||||||||eng|d | ||
| 020 | |a 9781599045672 | ||
| 082 | 0 | 4 | |a 658.4038 |b JOH |2 21 |
| 100 | 0 | |a Johannesson, Paul |e author |9 533985 | |
| 700 | 0 | |a Söderström, Eva |e author |9 533986 | |
| 245 | 1 | 0 | |a Information systems engineering: from data analysis to process networks |
| 300 | |a 369 p | ||
| 942 | |c BK | ||
| 945 | |d 20081218 00:00:00 |a rbrito | ||
| 260 | |a Hershey |b Igi Publishing |c 2008 | ||
| 650 | 0 | |a Tecnología de la información |9 254825 | |
| 650 | 0 | |a Bases de datos |9 260577 | |
| 650 | 0 | |a Información |9 256927 | |
| 650 | 0 | |a Sistemas de información |9 260286 | |
| 650 | 0 | |a Análisis de datos |9 269871 | |
| 583 | |a last modification |c 20171017 06:10:13 |k Rodrigo Vera | ||
| 999 | |c 332371 |d 332369 | ||
| 952 | |0 0 |1 0 |4 0 |6 658_403800000000000_JOH_2008 |7 0 |8 A |9 420005 |a BIBING |b BIBING |d 2019-11-22 |i 4507657 |o 658.4038 JOH 2008 |p 4507657 |r 2025-01-20 |w 2019-11-22 |y BK |k EII | ||